00373nam a2200145Ia 4500003000400000008004100004040001600045082002700061100002200088245003700110260002800147490000500175650001900180650002800199GCL140319s9999 xx 000 0 ara d aGCL / cGCL04aكاسيتb245bح ك1 aحمدى حسين10aكلمات / cحمدى حسين a[S.N] : bلا يوجد a04aالاغانى04aشرائط كاسيت